[Event "Oberliga Baden 1011"]
[Site "Baden"]
[Date "2011.02.27"]
[Round "7.3"]
[White "Duessel, Udo"]
[Black "Gierth, Hans Joachim"]
[Result "1/2-1/2"]
[WhiteElo "2236"]
[BlackElo "2290"]
[PlyCount "83"]
[EventDate "2010.10.10"]
[EventType "team-tourn"]
[EventRounds "9"]
[EventCountry "GER"]
[SourceTitle "EXT 2012"]
[Source "ChessBase"]
[SourceDate "2011.11.24"]
[SourceVersion "1"]
[SourceVersionDate "2011.11.24"]
[SourceQuality "1"]
[WhiteTeam "Waldshut"]
[BlackTeam "Dreisamtal"]
[WhiteTeamCountry "GER"]
[BlackTeamCountry "GER"]

1. d4 d5 2. c4 c6 3. Nf3 Nf6 4. Nc3 dxc4 5. a4 Bf5 6. e3 e6 7. Bxc4 Bb4 8. 0-0 0-0 9. Qe2 Nbd7 10. e4 Bg6 11. e5 Nd5 12. Ne4 Be7 13. a5 b5 14. Bd3 a6 15. Bd2 c5 16. dxc5 Nxc5 17. Nxc5 Bxc5 18. Be4 Rc8 19. Rfd1 Bxe4 20. Qxe4 Be7 21. Rac1 Qd7 22. Bg5 Rxc1 23. Rxc1 Rc8 24. Rxc8+ Qxc8 25. Bxe7 Nxe7 26. h4 h6 27. Kh2 Qc6 28. Qd4 Nd5 29. Qa7 Nb4 30. Qb8+ Kh7 31. Qf8 Nd3 32. Qxf7 Qd5 33. Qc7 Nxb2 34. Qd6 Nc4 35. Qxa6 b4 36. Qc8 Nxa5 37. Qc2+ Kg8 38. Qc8+ Kf7 39. Qc7+ Kg6 40. Qc2+ Kf7 41. Qc7+ Kg6 42. Qc2+ 1/2-1/2

[Event "Oberliga Baden 1011"]
[Site "Baden"]
[Date "2010.12.12"]
[Round "4.4"]
[White "Schulte, Torsten"]
[Black "Duessel, Udo"]
[Result "1/2-1/2"]
[WhiteElo "2188"]
[BlackElo "2236"]
[PlyCount "127"]
[EventDate "2010.10.10"]
[EventType "team-tourn"]
[EventRounds "9"]
[EventCountry "GER"]
[SourceTitle "EXT 2012"]
[Source "ChessBase"]
[SourceDate "2011.11.24"]
[SourceVersion "1"]
[SourceVersionDate "2011.11.24"]
[SourceQuality "1"]
[WhiteTeam "Eppingen II"]
[BlackTeam "Waldshut"]
[WhiteTeamCountry "GER"]
[BlackTeamCountry "GER"]

1. d4 Nf6 2. c4 e6 3. Nc3 d5 4. Bg5 Be7 5. cxd5 exd5 6. Qc2 0-0 7. e3 c6 8. Bd3 Nbd7 9. Nf3 Re8 10. 0-0 Nf8 11. h3 Ne4 12. Bxe7 Qxe7 13. Rab1 Bf5 14. b4 a6 15. a4 Nxc3 16. Qxc3 Bxd3 17. Qxd3 Ne6 18. Rfc1 Nc7 19. Rb3 g6 20. Nd2 Rad8 21. Nb1 f5 22. Nc3 Ne6 23. Ne2 Rd7 24. Rbb1 Qd6 25. b5 axb5 26. axb5 c5 27. dxc5 Nxc5 28. Qa3 b6 29. Rd1 Re4 30. Nc3 Re5 31. Qa2 Kg7 32. Qa1 Kh6 33. Rd4 g5 34. Qa8 Ne6 35. Rd2 d4 36. Rbd1 Rc5 37. Ne2 Rd8 38. Qa1 Qe7 39. Nxd4 Nxd4 40. exd4 Rxb5 41. Qa6 Qb4 42. d5 Ra5 43. Qb7 Qd6 44. Rb2 Rb8 45. Qf7 Rf8 46. Rxb6 Rxf7 47. Rxd6+ Kg7 48. Rd8 Raa7 49. Kf1 Rad7 50. Rxd7 Rxd7 51. Ke2 Kf6 52. Ke3 Ke5 53. d6 Rxd6 54. Rxd6 Kxd6 55. Kd4 f4 56. Ke4 Ke6 57. h4 h6 58. h5 Kf6 59. g4 fxg3 60. fxg3 Ke6 61. g4 Kf6 62. Kd5 Kf7 63. Ke5 Ke7 64. Kf5 1/2-1/2

[Event "Oberliga Baden 1011"]
[Site "Baden"]
[Date "2010.10.24"]
[Round "2.4"]
[White "Schloetzer, Waldemar"]
[Black "Duessel, Udo"]
[Result "1/2-1/2"]
[WhiteElo "2272"]
[BlackElo "2236"]
[PlyCount "68"]
[EventDate "2010.10.10"]
[EventType "team-tourn"]
[EventRounds "9"]
[EventCountry "GER"]
[SourceTitle "EXT 2012"]
[Source "ChessBase"]
[SourceDate "2011.11.24"]
[SourceVersion "1"]
[SourceVersionDate "2011.11.24"]
[SourceQuality "1"]
[WhiteTeam "Buchen"]
[BlackTeam "Waldshut"]
[WhiteTeamCountry "GER"]
[BlackTeamCountry "GER"]

1. d4 d5 2. c4 e6 3. Nf3 Nf6 4. g3 dxc4 5. Bg2 Nc6 6. Qa4 Bb4+ 7. Bd2 Nd5 8. Bxb4 Ndxb4 9. a3 b5 10. Qd1 Nd5 11. e4 Nf6 12. a4 Nb4 13. 0-0 Bb7 14. Nc3 0-0 15. e5 Nd7 16. Nxb5 a6 17. Na3 Bd5 18. Nd2 c5 19. Ndxc4 Bxg2 20. Kxg2 Qc7 21. f4 Qc6+ 22. Kg1 Rfd8 23. Nd6 cxd4 24. Qxd4 Qxa4 25. f5 exf5 26. Rxf5 Nf8 27. Qc4 Ne6 28. Nxf7 Rd1+ 29. Rxd1 Qxd1+ 30. Rf1 Qd4+ 31. Qxd4 Nxd4 32. Nd6 Rf8 33. Rxf8+ Kxf8 34. Nac4 Nd3 1/2-1/2